| 000 | 00589cam a22002053a 4500 | ||
|---|---|---|---|
| 001 | 39129 | ||
| 003 | PGUSA | ||
| 005 | 20140828083852.0 | ||
| 008 | 120313s2012||||xxu|||||s|||||000 | eng d | ||
| 040 |
_aPGUSA _beng |
||
| 042 | _adc | ||
| 100 | 1 |
_aPerin, Florence Hobart, _d1869- |
|
| 245 | 1 | 4 |
_aThe Optimist's Good Morning _h[electronic resource] / _cFlorence Hobart Perin |
| 260 |
_bProject Gutenberg, _c2012 |
||
| 506 | _aPublic domain in the USA. | ||
| 516 | _aElectronic text | ||
| 830 | 0 |
_aProject Gutenberg _v39129 |
|
| 856 | 4 | 0 | _uhttp://www.gutenberg.org/ebooks/39129 |
| 942 | _cEB | ||
| 999 |
_c268382 _d268382 |
||